[Event "Titled Tuesday intern op 06th May Early"]
[Site "Chess.com INT"]
[Date "2025.05.06"]
[Round "2"]
[White "Askarov, Bakhtiyar"]
[Black "Doknjas, Neil"]
[Result "1-0"]
[WhiteElo "2300"]
[BlackElo "2228"]
[PlyCount "47"]
[EventDate "2025.05.06"]
[EventType "swiss (blitz)"]
[EventRounds "11"]
[EventCountry "USA"]
[SourceTitle "CB20_2025"]
[SourceDate "2025.05.14"]
[SourceVersion "1"]
[SourceVersionDate "2025.05.14"]
[SourceQuality "1"]

1. d4 Nf6 2. Bg5 c6 3. Nd2 d5 4. e3 Qb6 5. Qc1 Bf5 6. c4 e6 7. c5 Qc7 8. Bf4 Qc8 9. h3 Nbd7 10. Ngf3 Be7 11. b4 h6 12. Be2 0-0 13. 0-0 b6 14. Qb2 a5 15. a3 Ra7 16. Rfc1 Qa8 17. Nb3 axb4 18. axb4 Ra4 19. b5 bxc5 20. Nxc5 Rxa1 21. Rxa1 Qc8 22. Nxd7 Qxd7 23. Ne5 Qb7 24. Nxc6 1-0

[Event "Titled Tuesday intern op 06th May Early"]
[Site "Chess.com INT"]
[Date "2025.05.06"]
[Round "1"]
[White "Banusz, Tamas"]
[Black "Doknjas, Neil"]
[Result "0-1"]
[WhiteElo "2605"]
[BlackElo "2228"]
[PlyCount "68"]
[EventDate "2025.05.06"]
[EventType "swiss (blitz)"]
[EventRounds "11"]
[EventCountry "USA"]
[SourceTitle "CB20_2025"]
[SourceDate "2025.05.14"]
[SourceVersion "1"]
[SourceVersionDate "2025.05.14"]
[SourceQuality "1"]

1. Nf3 c5 2. c4 b6 3. g3 Bb7 4. Bg2 Nf6 5. 0-0 e6 6. Nc3 Be7 7. d4 cxd4 8. Qxd4 0-0 9. Rd1 Nc6 10. Qf4 a6 11. b3 Qb8 12. Bb2 d6 13. Rac1 Rd8 14. g4 Ne5 15. Nxe5 dxe5 16. Qg3 Bxg2 17. Qxg2 Rd4 18. Rxd4 exd4 19. Ne4 e5 20. e3 dxe3 21. fxe3 Qe8 22. Rd1 Rd8 23. Nxf6+ Bxf6 24. Rd5 Bg5 25. Qe4 f6 26. Kg2 Kh8 27. Kf3 h5 28. h3 hxg4+ 29. hxg4 Rxd5 30. Qxd5 Kh7 31. b4 Kh6 32. c5 bxc5 33. bxc5 Qa4 34. c6 e4+ 0-1

[Event "Titled Tuesday intern op 06th May Early"]
[Site "Chess.com INT"]
[Date "2025.05.06"]
[Round "10"]
[White "Doknjas, Neil"]
[Black "Beniosev, Daniel"]
[Result "1-0"]
[WhiteElo "2228"]
[BlackElo "2010"]
[PlyCount "81"]
[EventDate "2025.05.06"]
[EventType "swiss (blitz)"]
[EventRounds "11"]
[EventCountry "USA"]
[SourceTitle "CB20_2025"]
[SourceDate "2025.05.14"]
[SourceVersion "1"]
[SourceVersionDate "2025.05.14"]
[SourceQuality "1"]

1. d4 Nf6 2. c4 e6 3. Nf3 c5 4. d5 exd5 5. cxd5 d6 6. Nc3 g6 7. h3 Bg7 8. Bf4 0-0 9. e3 b6 10. Bc4 Ba6 11. Qe2 Bxc4 12. Qxc4 a6 13. 0-0 b5 14. Qd3 Qc7 15. Nd2 Nbd7 16. a4 c4 17. Qe2 Qb6 18. e4 Nc5 19. Be3 Rfe8 20. f4 b4 21. Nxc4 Qc7 22. Nxd6 bxc3 23. e5 Nxd5 24. Nxe8 Rxe8 25. bxc3 f6 26. Qc4 Qf7 27. Bxc5 Rc8 28. Rad1 Nc7 29. Qxf7+ Kxf7 30. Rd7+ Kg8 31. exf6 Bxf6 32. Bd4 Bxd4+ 33. cxd4 Ne8 34. Re1 Nf6 35. Rd6 Kf7 36. Rxa6 Rc4 37. Ra7+ Kf8 38. Re6 Nd5 39. Rd6 Ne7 40. Rdd7 Kf7 41. Rxe7+ 1-0

[Event "Titled Tuesday intern op 06th May Early"]
[Site "Chess.com INT"]
[Date "2025.05.06"]
[Round "3"]
[White "Doknjas, Neil"]
[Black "Vakhlamov, Igor L"]
[Result "0-1"]
[WhiteElo "2228"]
[BlackElo "2413"]
[PlyCount "58"]
[EventDate "2025.05.06"]
[EventType "swiss (blitz)"]
[EventRounds "11"]
[EventCountry "USA"]
[SourceTitle "CB20_2025"]
[SourceDate "2025.05.14"]
[SourceVersion "1"]
[SourceVersionDate "2025.05.14"]
[SourceQuality "1"]

1. d4 d5 2. c4 e6 3. Nc3 c5 4. cxd5 cxd4 5. Qa4+ Bd7 6. Qxd4 exd5 7. Nf3 Nf6 8. Bg5 Be7 9. e3 Nc6 10. Qd1 0-0 11. Bd3 h6 12. Bh4 Bg4 13. h3 Bxf3 14. Qxf3 d4 15. exd4 Qxd4 16. Bg3 Ba3 17. 0-0 Bxb2 18. Ne2 Qa4 19. Rab1 Ne5 20. Bxe5 Bxe5 21. Rxb7 Rad8 22. Bb1 Rd1 23. Ng3 Rxf1+ 24. Nxf1 Rd8 25. g3 h5 26. Kg2 Qa6 27. Ne3 g6 28. Re7 Bd4 29. Bc2 Qd6 0-1

[Event "Titled Tuesday intern op 06th May Early"]
[Site "Chess.com INT"]
[Date "2025.05.06"]
[Round "7"]
[White "Ochedzan, Filip"]
[Black "Doknjas, Neil"]
[Result "1-0"]
[WhiteElo "2130"]
[BlackElo "2228"]
[PlyCount "101"]
[EventDate "2025.05.06"]
[EventType "swiss (blitz)"]
[EventRounds "11"]
[EventCountry "USA"]
[SourceTitle "CB20_2025"]
[SourceDate "2025.05.14"]
[SourceVersion "1"]
[SourceVersionDate "2025.05.14"]
[SourceQuality "1"]

1. c4 e5 2. Nc3 Nf6 3. Nf3 Nc6 4. e4 h6 5. d3 Bc5 6. Be2 d6 7. 0-0 a5 8. h3 Be6 9. Be3 g5 10. d4 exd4 11. Nxd4 Bxd4 12. Bxd4 Nxd4 13. Qxd4 Rg8 14. Rad1 Nd7 15. Nd5 Bxd5 16. exd5 Qf6 17. Bg4 Qxd4 18. Rxd4 Ne5 19. Bf5 Ke7 20. f4 gxf4 21. Rdxf4 Rg3 22. Bg4 Rg8 23. Kh2 Rd3 24. R1f2 a4 25. Bh5 Rg7 26. Rf6 Rh7 27. R6f4 a3 28. bxa3 Rxa3 29. Rb2 b6 30. Rbf2 Rg7 31. Rf6 Rh7 32. R6f4 Ra4 33. g3 Rxc4 34. Rxc4 Nxc4 35. Rc2 b5 36. a4 Ne3 37. Re2 bxa4 38. Rxe3+ Kd7 39. Ra3 c6 40. dxc6+ Kxc6 41. Rxa4 f5 42. Rf4 d5 43. Rxf5 d4 44. Bf3+ Kb6 45. Rd5 Rf7 46. Kg2 Rc7 47. Rxd4 Rc2+ 48. Kf1 Kc5 49. Re4 Rh2 50. h4 Kd6 51. Bg2 1-0

[Event "Titled Tuesday intern op 06th May Early"]
[Site "Chess.com INT"]
[Date "2025.05.06"]
[Round "11"]
[White "Rossi, Maximiliano"]
[Black "Doknjas, Neil"]
[Result "0-1"]
[WhiteElo "2013"]
[BlackElo "2228"]
[PlyCount "43"]
[EventDate "2025.05.06"]
[EventType "swiss (blitz)"]
[EventRounds "11"]
[EventCountry "USA"]
[SourceTitle "CB20_2025"]
[SourceDate "2025.05.14"]
[SourceVersion "1"]
[SourceVersionDate "2025.05.14"]
[SourceQuality "1"]

1. e4 c5 2. Nf3 d6 3. d4 cxd4 4. Nxd4 Nf6 5. f3 Nc6 6. c4 e5 7. Nb3 Be6 8. Nc3 Be7 9. Be3 0-0 10. Nd5 Bxd5 11. cxd5 Nb8 12. Qd2 Nbd7 13. Qb4 a5 14. Qd2 a4 15. Nc1 a3 16. bxa3 Rxa3 17. Nb3 Qa8 18. Nc1 Nh5 19. Rb1 Bh4+ 20. g3 Bd8 21. Bh3 Ba5 22. Rb4 0-1

[Event "Titled Tuesday intern op 04th Feb Late"]
[Site "Chess.com INT"]
[Date "2025.02.04"]
[Round "8"]
[White "Camacho Martinez, Guillermo"]
[Black "Doknjas, Neil"]
[Result "1-0"]
[WhiteElo "2285"]
[BlackElo "2256"]
[PlyCount "91"]
[EventDate "2025.02.04"]
[EventType "swiss (blitz)"]
[EventRounds "11"]
[EventCountry "USA"]
[SourceTitle "CB07_2025"]
[SourceDate "2025.02.12"]
[SourceVersion "1"]
[SourceVersionDate "2025.02.12"]
[SourceQuality "1"]

1. d4 Nf6 2. c4 e6 3. Nf3 Nc6 4. Nc3 Bb4 5. Qc2 d6 6. e3 0-0 7. Bd3 Qe7 8. 0-0 Bxc3 9. Qxc3 a5 10. b3 e5 11. dxe5 dxe5 12. Nd2 Rd8 13. Ne4 Be6 14. Nxf6+ gxf6 15. Bb2 Kh8 16. Be4 Ra6 17. f4 a4 18. Bxc6 Rxc6 19. fxe5 f5 20. Rxf5 a3 21. Bxa3 Qxa3 22. Rh5 Rxc4 23. Qe1 Rg4 24. Qf2 Qe7 25. Qc2 Rg6 26. Rf1 Bd5 27. g3 Rdg8 28. Rf6 R8g7 29. Qf5 Rxf6 30. Qxf6 Qe8 31. Rg5 Qg8 32. Rxg7 Qxg7 33. Qd8+ Qg8 34. Qxd5 Qg5 35. Qe4 Kg7 36. Qf4 Qh5 37. g4 Qh3 38. Qf6+ Kg8 39. Qg5+ Kf8 40. Qf4 Qh4 41. e6 Qe1+ 42. Kg2 Qd2+ 43. Kh3 f5 44. Qxf5+ Ke8 45. Qf7+ Kd8 46. e7+ 1-0

[Event "Titled Tuesday intern op 04th Feb Late"]
[Site "Chess.com INT"]
[Date "2025.02.04"]
[Round "1"]
[White "Doknjas, Neil"]
[Black "Carlsen, Magnus"]
[Result "0-1"]
[WhiteElo "2256"]
[BlackElo "2833"]
[PlyCount "68"]
[EventDate "2025.02.04"]
[EventType "swiss (blitz)"]
[EventRounds "11"]
[EventCountry "USA"]
[SourceTitle "CB07_2025"]
[SourceDate "2025.02.12"]
[SourceVersion "1"]
[SourceVersionDate "2025.02.12"]
[SourceQuality "1"]

1. e4 Na6 2. d4 c6 3. Nf3 d5 4. exd5 Qxd5 5. Nc3 Qa5 6. Bd2 Nf6 7. Bc4 Qd8 8. Ne5 e6 9. Bxa6 bxa6 10. Nxc6 Qb6 11. Ne5 Qxd4 12. Nf3 Qb6 13. 0-0 Bb7 14. Be3 Qc7 15. Qe2 Bd6 16. h3 0-0 17. Rad1 Rfd8 18. Bg5 Bb4 19. Bxf6 gxf6 20. Ne4 Qf4 21. Ng3 Bc5 22. Kh2 Kf8 23. Rd3 Rxd3 24. Qxd3 h5 25. Qh7 Ke7 26. Qxh5 Bb6 27. Qg4 Qxg4 28. hxg4 Rg8 29. Re1 Bxf2 30. Re2 Bb6 31. Nf5+ Kf8 32. Nd6 Bc7 33. Rd2 Ke7 34. g5 Bxd6+ 0-1

[Event "Titled Tuesday intern op 21st Jan Late"]
[Site "Chess.com INT"]
[Date "2025.01.21"]
[Round "3"]
[White "Plat, Vojtech"]
[Black "Doknjas, Neil"]
[Result "1-0"]
[WhiteElo "2459"]
[BlackElo "2248"]
[PlyCount "51"]
[EventDate "2025.01.21"]
[EventType "swiss (blitz)"]
[EventRounds "11"]
[EventCountry "USA"]
[SourceTitle "CB05_2025"]
[SourceDate "2025.01.29"]
[SourceVersion "1"]
[SourceVersionDate "2025.01.29"]
[SourceQuality "1"]

1. e4 c5 2. Nf3 d6 3. c3 Nf6 4. Bc4 e6 5. Qe2 Be7 6. Bb3 0-0 7. 0-0 a6 8. d4 b5 9. dxc5 dxc5 10. Bf4 Bb7 11. Bc2 Re8 12. e5 Nd5 13. Bg3 Nd7 14. Nbd2 Nf8 15. Ne4 Ng6 16. Rfd1 Qb6 17. h4 Rad8 18. Nfg5 Ndf4 19. Qg4 h5 20. Qf3 Bxg5 21. hxg5 Nd5 22. Qxh5 Nde7 23. Nf6+ gxf6 24. gxf6 Nf5 25. Bxf5 exf5 26. Qh6 1-0

[Event "Titled Tuesday intern op 21st Jan Late"]
[Site "Chess.com INT"]
[Date "2025.01.21"]
[Round "5"]
[White "Rajanish, Adhvaith"]
[Black "Doknjas, Neil"]
[Result "1-0"]
[WhiteElo "2084"]
[BlackElo "2248"]
[PlyCount "88"]
[EventDate "2025.01.21"]
[EventType "swiss (blitz)"]
[EventRounds "11"]
[EventCountry "USA"]
[SourceTitle "CB05_2025"]
[SourceDate "2025.01.29"]
[SourceVersion "1"]
[SourceVersionDate "2025.01.29"]
[SourceQuality "1"]

1. e4 c5 2. Nf3 d6 3. d4 cxd4 4. Nxd4 Nf6 5. f3 Nc6 6. c4 g6 7. Be3 Bg7 8. Nc3 0-0 9. Be2 a5 10. 0-0 Bd7 11. Qd2 a4 12. Nd5 Nxd5 13. cxd5 Nxd4 14. Bxd4 a3 15. Bxg7 Kxg7 16. bxa3 Qb6+ 17. Kh1 Rxa3 18. Rab1 Qa7 19. Rb2 Rc8 20. Rfb1 b5 21. h4 Qf2 22. Qf4 Qd4 23. h5 h6 24. hxg6 fxg6 25. Bxb5 Rf8 26. Qh4 g5 27. Qf2 Qxf2 28. Rxf2 Rb8 29. Bd3 Rba8 30. Bc4 R8a4 31. Bb3 Ra7 32. Rbb2 Kf6 33. Rfc2 Ke5 34. Kg1 h5 35. Kf2 g4 36. Rc3 gxf3 37. gxf3 Ra8 38. Ke3 Rf8 39. Rh2 Kf6 40. Rxh5 e5 41. dxe6 Bb5 42. Rh6+ Ke7 43. Rh7+ Kd8 44. e7+ Ke8 1-0

[Event "Calgary op 15th"]
[Site "Calgary"]
[Date "2024.12.29"]
[Round "7"]
[White "Doknjas, Neil"]
[Black "Vasic, Maxim"]
[Result "1-0"]
[WhiteElo "2262"]
[BlackElo "2044"]
[PlyCount "65"]
[EventDate "2024.12.26"]
[EventType "swiss"]
[EventRounds "9"]
[EventCountry "CAN"]
[SourceTitle "CB02_2025"]
[SourceDate "2025.01.08"]
[SourceVersion "1"]
[SourceVersionDate "2025.01.08"]
[SourceQuality "1"]

1. e4 e6 2. Qe2 Nc6 3. Nf3 e5 4. c3 Be7 5. d4 d6 6. Qc2 Bg4 7. Bb5 Bxf3 8. gxf3 Kf8 9. Bxc6 bxc6 10. Be3 Bg5 11. dxe5 dxe5 12. Na3 Qf6 13. 0-0-0 Bxe3+ 14. fxe3 Qxf3 15. Nc4 Nf6 16. Nxe5 Qxe3+ 17. Kb1 Re8 18. Rhe1 Qc5 19. Nd3 Qb6 20. e5 Nd5 21. Qc1 g6 22. c4 Ne7 23. Qh6+ Kg8 24. Nf4 Nf5 25. Qg5 Ne3 26. Rd8 Rxd8 27. Qxd8+ Kg7 28. Qf6+ Kh6 29. Qxh8 Qd4 30. Qf8+ Kg5 31. Qe7+ Kg4 32. h3+ Kf3 33. Qxf7 1-0

[Event "Calgary op 15th"]
[Site "Calgary"]
[Date "2024.12.28"]
[Round "4"]
[White "Keleberda, Timur"]
[Black "Doknjas, Neil"]
[Result "1/2-1/2"]
[WhiteElo "2296"]
[BlackElo "2262"]
[PlyCount "131"]
[EventDate "2024.12.26"]
[EventType "swiss"]
[EventRounds "9"]
[EventCountry "CAN"]
[SourceTitle "CB02_2025"]
[SourceDate "2025.01.08"]
[SourceVersion "1"]
[SourceVersionDate "2025.01.08"]
[SourceQuality "1"]

1. Nf3 d5 2. e3 Nf6 3. c4 e6 4. Nc3 Bd6 5. b3 0-0 6. Bb2 Nc6 7. d4 dxc4 8. bxc4 e5 9. Be2 exd4 10. exd4 Bg4 11. h3 Bh5 12. 0-0 Bxf3 13. Bxf3 Nxd4 14. Bxb7 Rb8 15. Nd5 Nxd5 16. Qxd4 Qf6 17. Bxd5 Rxb2 18. Qxf6 gxf6 19. f4 Re8 20. a4 a5 21. Rac1 Bc5+ 22. Kh2 Ree2 23. Rce1 Bb4 24. Rxe2 Rxe2 25. Kg3 Re1 26. Rxe1 Bxe1+ 27. Kg4 c5 28. Kf5 Kg7 29. Bf3 h6 30. Bh5 Bb4 31. Ke4 Ba3 32. Kd5 Kf8 33. Bg4 Bb4 34. h4 Ba3 35. h5 Bb4 36. Kd6 Ba3 37. Bf3 Bb4 38. g4 Ba3 39. Kc7 Bb4 40. Kb6 Kg7 41. Bd1 Kf8 42. Bc2 Kg7 43. Kc7 Kf8 44. Kd6 Ba3 45. Kd5 Bb4 46. Ke4 Kg7 47. Kf5 Bd2 48. Bd1 Bc1 49. Bf3 Bd2 50. Bh1 Bc1 51. Ba8 Bd2 52. Bg2 Bc1 53. Bb7 Bd2 54. Bf3 Bc1 55. Ke4 Ba3 56. Kd5 Kf8 57. Kd6 Bb4 58. Be4 Ba3 59. Kd7 Bb4 60. Bd3 Ba3 61. Kc7 Bb4 62. Kb6 Kg7 63. Kb5 Kf8 64. Kb6 Kg7 65. Kb5 Kf8 66. Kb6 1/2-1/2

[Event "Calgary op 15th"]
[Site "Calgary"]
[Date "2024.12.27"]
[Round "3"]
[White "Alpuri, Aaqil"]
[Black "Doknjas, Neil"]
[Result "1/2-1/2"]
[WhiteElo "1962"]
[BlackElo "2262"]
[PlyCount "124"]
[EventDate "2024.12.26"]
[EventType "swiss"]
[EventRounds "9"]
[EventCountry "CAN"]
[SourceTitle "CB02_2025"]
[SourceDate "2025.01.08"]
[SourceVersion "1"]
[SourceVersionDate "2025.01.08"]
[SourceQuality "1"]

1. e4 c5 2. Nf3 Nc6 3. Bb5 Nf6 4. Nc3 Qc7 5. 0-0 Nd4 6. Re1 a6 7. Bf1 e5 8. d3 h6 9. a4 d6 10. h3 Be6 11. Bd2 Nc6 12. g3 g5 13. Bg2 Be7 14. Nh2 Qc8 15. Nd5 Bd8 16. Nxf6+ Bxf6 17. Qh5 Nd4 18. Rac1 b5 19. axb5 axb5 20. Bc3 b4 21. Bxd4 cxd4 22. Qf3 Ke7 23. g4 Ra2 24. Rb1 Qd7 25. Rec1 Bg7 26. Qe2 Rc8 27. Qd2 Qb5 28. Nf3 f6 29. b3 Qc5 30. Ne1 Rca8 31. Kh2 R8a3 32. Qd1 Qc3 33. Kg1 Ra5 34. Kh2 h5 35. f3 Bh6 36. Kg1 Kf7 37. Kf1 Kg7 38. Kg1 Ra8 39. Kf1 R8a7 40. Kg1 R2a5 41. Qe2 Kh7 42. Qd1 Bf8 43. Qe2 Ra1 44. Rxa1 Rxa1 45. Rxa1 Qxa1 46. Kf2 h4 47. Qd2 Qc3 48. Ke2 Kg7 49. Bf1 d5 50. Bg2 Bd6 51. Bf1 Qb2 52. Bg2 Qa1 53. Qd1 Qa2 54. Kf1 Qa6 55. Kf2 Qc8 56. Kf1 Kh6 57. Kf2 Qc3 58. Ke2 Qc5 59. Kf1 Qc8 60. Kf2 Bc5 61. Kf1 Qc7 62. Qe2 Bd6 1/2-1/2

[Event "Calgary op 15th"]
[Site "Calgary"]
[Date "2024.12.27"]
[Round "2"]
[White "Doknjas, Neil"]
[Black "Preotu, Razvan"]
[Result "0-1"]
[WhiteElo "2262"]
[BlackElo "2475"]
[PlyCount "56"]
[EventDate "2024.12.26"]
[EventType "swiss"]
[EventRounds "9"]
[EventCountry "CAN"]
[SourceTitle "CB02_2025"]
[SourceDate "2025.01.08"]
[SourceVersion "1"]
[SourceVersionDate "2025.01.08"]
[SourceQuality "1"]

1. e4 c5 2. Nf3 d6 3. d4 cxd4 4. Nxd4 Nf6 5. Nc3 a6 6. Be3 e6 7. Bc4 b5 8. Bb3 Be7 9. a3 0-0 10. Qe2 Bb7 11. f3 Nc6 12. 0-0-0 Nd7 13. h4 Nc5 14. Kb1 Nxb3 15. cxb3 Qb8 16. Bg5 Nxd4 17. Rxd4 f6 18. Be3 Bc6 19. Bf2 a5 20. Nd5 exd5 21. exd5 Bd7 22. g4 Re8 23. Qd2 Bd8 24. Bg3 Bb6 25. Rd3 b4 26. a4 Bc8 27. Qf4 Ba6 28. Rdd1 Be3 0-1

[Event "Titled Tuesday intern op 27th Aug Late"]
[Site "Chess.com INT"]
[Date "2024.08.27"]
[Round "4"]
[White "Doknjas, Neil"]
[Black "Bestard Borras, Miguel"]
[Result "1-0"]
[WhiteElo "2261"]
[BlackElo "2113"]
[PlyCount "75"]
[EventDate "2024.08.27"]
[EventType "swiss (blitz)"]
[EventRounds "11"]
[EventCountry "USA"]
[SourceTitle "EXT 2025"]
[Source "ChessBase"]
[SourceDate "2024.10.14"]
[SourceVersion "1"]
[SourceVersionDate "2024.10.14"]
[SourceQuality "1"]

1. e4 e5 2. Nf3 Nf6 3. Nc3 Bb4 4. Nxe5 0-0 5. Nd3 Bxc3 6. dxc3 Nxe4 7. Be2 d5 8. 0-0 c6 9. Be3 Nd7 10. Bf3 Ndf6 11. Re1 Re8 12. a4 Bf5 13. a5 Qd7 14. Nf4 Bg4 15. h3 Bxf3 16. Qxf3 Ng5 17. Qd1 Ne6 18. Nd3 Ne4 19. f3 Ng3 20. Bf2 Nf5 21. Ne5 Qd6 22. Qd3 Nh4 23. Bxh4 Nf4 24. Qd4 Nxh3+ 25. gxh3 f6 26. Nd3 g5 27. Bf2 Qd7 28. Kg2 f5 29. Rxe8+ Rxe8 30. Re1 Rxe1 31. Bxe1 h5 32. Qf6 g4 33. hxg4 fxg4 34. Ne5 gxf3+ 35. Kh2 Qc7 36. Bg3 Qxa5 37. Qf7+ Kh8 38. Ng6# 1-0

[Event "Titled Tuesday intern op 27th Aug Late"]
[Site "Chess.com INT"]
[Date "2024.08.27"]
[Round "7"]
[White "Doknjas, Neil"]
[Black "Moldagali, Beksultan"]
[Result "1-0"]
[WhiteElo "2261"]
[BlackElo "2331"]
[PlyCount "43"]
[EventDate "2024.08.27"]
[EventType "swiss (blitz)"]
[EventRounds "11"]
[EventCountry "USA"]
[SourceTitle "EXT 2025"]
[Source "ChessBase"]
[SourceDate "2024.10.14"]
[SourceVersion "1"]
[SourceVersionDate "2024.10.14"]
[SourceQuality "1"]

1. e4 e5 2. Nf3 Nc6 3. d4 exd4 4. Nxd4 Nf6 5. Nxc6 bxc6 6. e5 Qe7 7. Qe2 Nd5 8. c4 Ba6 9. b3 g6 10. f4 g5 11. fxg5 Bg7 12. Bb2 d6 13. Qe4 f5 14. gxf6 Nxf6 15. Qxc6+ Nd7 16. Qxa8+ Kf7 17. Qd5+ Ke8 18. Be2 Nxe5 19. 0-0 c6 20. Qa5 Bc8 21. Bh5+ Kd7 22. Qxa7+ 1-0

[Event "Titled Tuesday intern op 27th Aug Late"]
[Site "Chess.com INT"]
[Date "2024.08.27"]
[Round "9"]
[White "Doknjas, Neil"]
[Black "Thavandiran, Shiyam"]
[Result "1-0"]
[WhiteElo "2261"]
[BlackElo "2388"]
[PlyCount "45"]
[EventDate "2024.08.27"]
[EventType "swiss (blitz)"]
[EventRounds "11"]
[EventCountry "USA"]
[SourceTitle "EXT 2025"]
[Source "ChessBase"]
[SourceDate "2024.10.14"]
[SourceVersion "1"]
[SourceVersionDate "2024.10.14"]
[SourceQuality "1"]

1. e4 e6 2. d4 d5 3. Nc3 Nf6 4. Bg5 dxe4 5. Nxe4 Be7 6. Bxf6 gxf6 7. Nf3 a6 8. g3 f5 9. Nc3 b5 10. Bg2 Bb7 11. 0-0 0-0 12. a4 b4 13. Ne2 c5 14. c3 cxd4 15. cxd4 Nd7 16. Nf4 Nf6 17. Rc1 Qd6 18. Ne5 Bxg2 19. Kxg2 Rfd8 20. Qf3 Bf8 21. Qb7 Nd7 22. Nxf7 Rdb8 23. Nxd6 1-0

[Event "Titled Tuesday intern op 27th Aug Late"]
[Site "Chess.com INT"]
[Date "2024.08.27"]
[Round "1"]
[White "Gaafar, Hassan"]
[Black "Doknjas, Neil"]
[Result "0-1"]
[WhiteElo "2227"]
[BlackElo "2261"]
[PlyCount "70"]
[EventDate "2024.08.27"]
[EventType "swiss (blitz)"]
[EventRounds "11"]
[EventCountry "USA"]
[SourceTitle "EXT 2025"]
[Source "ChessBase"]
[SourceDate "2024.10.14"]
[SourceVersion "1"]
[SourceVersionDate "2024.10.14"]
[SourceQuality "1"]

1. d4 Nf6 2. Nc3 d5 3. Bf4 a6 4. e3 h6 5. Bd3 c5 6. dxc5 Nc6 7. Nf3 Bg4 8. Be2 e6 9. Na4 Nh5 10. Nb6 Nxf4 11. exf4 Rb8 12. c4 Bxc5 13. cxd5 Qxb6 14. dxc6 Bxf2+ 15. Kf1 bxc6 16. Ne5 Bxe2+ 17. Qxe2 Bd4 18. Nc4 Qc7 19. Qd2 c5 20. Rd1 0-0 21. g4 Rfd8 22. b3 Be5 23. Nxe5 Rxd2 24. Rxd2 f6 25. Nc4 Qxf4+ 26. Rf2 Qxg4 27. Rg1 Qh3+ 28. Rfg2 Rd8 29. Ke2 Qd3+ 30. Ke1 Qd1+ 31. Kf2 Qc2+ 32. Kg3 Rd3+ 33. Kh4 g5+ 34. Kh5 Rh3+ 35. Kg4 Qf5# 0-1

[Event "North American-ch U20"]
[Site "Calgary"]
[Date "2024.08.15"]
[Round "4"]
[White "Tang, Zoey"]
[Black "Doknjas, Neil"]
[Result "1-0"]
[WhiteElo "2212"]
[BlackElo "2261"]
[PlyCount "93"]
[EventDate "2024.08.14"]
[EventType "swiss"]
[EventRounds "9"]
[EventCountry "CAN"]
[SourceTitle "CBM 221 Extra"]
[Source "ChessBase"]
[SourceDate "2024.09.30"]
[SourceVersion "1"]
[SourceVersionDate "2024.09.30"]
[SourceQuality "1"]

1. d4 Nf6 2. c4 e6 3. Nf3 d5 4. Nc3 dxc4 5. e4 b5 6. e5 Nfd7 7. Nxb5 Nb6 8. Be2 Nc6 9. Be3 Be7 10. a3 Rb8 11. Qc2 0-0 12. h4 Ba6 13. Nc3 Nd5 14. Ng5 g6 15. Nce4 Nxe3 16. fxe3 Na5 17. Nf3 c5 18. h5 cxd4 19. exd4 Nb3 20. Rd1 Kg7 21. Kf2 f5 22. exf6+ Bxf6 23. Nxf6 Qxf6 24. Qe4 Qf5 25. Qe3 Rf6 26. hxg6 Rxg6 27. Rh4 h5 28. Rf4 Qd5 29. Qe5+ Qxe5 30. Nxe5 Rg5 31. Rf7+ Kg8 32. Rxa7 Nxd4 33. Rxd4 Rxe5 34. Rdd7 c3 35. Bxa6 Rf5+ 36. Ke2 cxb2 37. Bd3 b1Q 38. Bxb1 Rxb1 39. Rd8+ Rf8 40. Rxf8+ Kxf8 41. a4 Rb3 42. a5 Ra3 43. a6 h4 44. Kf2 h3 45. gxh3 Rxh3 46. Rb7 Ra3 47. a7 1-0

[Event "New Westminster BC Day"]
[Site "New Westminster"]
[Date "2024.08.04"]
[Round "7"]
[White "Doknjas, Neil"]
[Black "Yang, Jingyun"]
[Result "1/2-1/2"]
[WhiteElo "2261"]
[BlackElo "2179"]
[PlyCount "120"]
[EventDate "2024.08.01"]
[EventType "swiss"]
[EventRounds "9"]
[EventCountry "CAN"]
[SourceTitle "CBM 221 Extra"]
[Source "ChessBase"]
[SourceDate "2024.09.30"]
[SourceVersion "1"]
[SourceVersionDate "2024.09.30"]
[SourceQuality "1"]

1. e4 c5 2. Nf3 g6 3. c3 Bg7 4. d4 cxd4 5. cxd4 d5 6. e5 a6 7. h3 Nc6 8. Bd3 f6 9. Bf4 Nh6 10. exf6 exf6 11. 0-0 0-0 12. Nc3 Nf5 13. Bc2 Nfe7 14. Re1 b5 15. Rc1 Kh8 16. a4 b4 17. Nb1 Ra7 18. Nbd2 g5 19. Bg3 g4 20. hxg4 Bxg4 21. Nb3 Bh6 22. Ra1 Nf5 23. Bxf5 Bxf5 24. Nh4 Qc8 25. Qh5 Bg5 26. Nxf5 Qxf5 27. Re8 Ra8 28. Rxa8 Rxa8 29. Qf7 Rg8 30. Re1 Nd8 31. Qh5 Ne6 32. Qh3 Ng7 33. Qxf5 Nxf5 34. Re6 Rc8 35. Rxa6 Rc2 36. Rb6 Rxb2 37. Rxb4 Nxg3 38. fxg3 Be3+ 39. Kh2 Bxd4 40. Rxd4 Rxb3 41. Rxd5 Ra3 42. Ra5 Kg7 43. Kh3 f5 44. Kh4 Ra2 45. Ra7+ Kg6 46. Ra6+ Kf7 47. Kh3 Ra1 48. Kh2 Kg7 49. a5 h6 50. Ra7+ Kf6 51. Ra6+ Kg7 52. g4 fxg4 53. Kg3 Ra2 54. Ra8 Kg6 55. a6 Kh5 56. a7 Ra4 57. Kh2 Ra2 58. Kg3 Ra4 59. Kh2 Ra2 60. Kg3 Ra4 1/2-1/2

[Event "Titled Tuesday intern op 30th Jul Late"]
[Site "Chess.com INT"]
[Date "2024.07.30"]
[Round "4"]
[White "Haydon, David Leslie"]
[Black "Doknjas, Neil"]
[Result "1-0"]
[WhiteElo "2255"]
[BlackElo "2273"]
[PlyCount "71"]
[EventDate "2024.07.30"]
[EventType "swiss (blitz)"]
[EventRounds "11"]
[EventCountry "USA"]
[SourceTitle "EXT 2025"]
[Source "ChessBase"]
[SourceDate "2024.10.14"]
[SourceVersion "1"]
[SourceVersionDate "2024.10.14"]
[SourceQuality "1"]

1. d4 Nf6 2. c4 c5 3. d5 b5 4. cxb5 a6 5. b6 e6 6. Nc3 Nxd5 7. Nxd5 exd5 8. Qxd5 Nc6 9. Nf3 Rb8 10. e4 Be7 11. Bc4 0-0 12. Be3 Nb4 13. Qd2 Rxb6 14. a3 Rd6 15. Qe2 Nc6 16. Bxc5 Rg6 17. Bxe7 Qxe7 18. 0-0 d6 19. Rfe1 Bg4 20. Qe3 Bxf3 21. Qxf3 Ne5 22. Qc3 Qg5 23. Bf1 Qh5 24. Re3 Ng4 25. Rh3 Qg5 26. Rg3 Qh4 27. h3 Ne5 28. Rxg6 fxg6 29. Qe3 Rb8 30. b4 a5 31. bxa5 Qd8 32. a6 Qa5 33. Rd1 Rb6 34. a7 Qxa7 35. Rxd6 Nd7 36. Rxd7 1-0

[Event "Titled Tuesday intern op 30th Jul Late"]
[Site "Chess.com INT"]
[Date "2024.07.30"]
[Round "3"]
[White "Zapata Romero, Italo German"]
[Black "Doknjas, Neil"]
[Result "0-1"]
[WhiteElo "2042"]
[BlackElo "2273"]
[PlyCount "62"]
[EventDate "2024.07.30"]
[EventType "swiss (blitz)"]
[EventRounds "11"]
[EventCountry "USA"]
[SourceTitle "EXT 2025"]
[Source "ChessBase"]
[SourceDate "2024.10.14"]
[SourceVersion "1"]
[SourceVersionDate "2024.10.14"]
[SourceQuality "1"]

1. d4 Nf6 2. Nf3 c6 3. g3 g6 4. Bg2 Bg7 5. 0-0 0-0 6. Nbd2 d5 7. c4 Bf5 8. b3 a5 9. Bb2 Na6 10. Rc1 Ne4 11. Nh4 Nxd2 12. Qxd2 Be6 13. e4 dxe4 14. Bxe4 a4 15. b4 a3 16. Ba1 c5 17. bxc5 Nxc5 18. Bf3 Ra7 19. Rfd1 Na4 20. Ng2 Qc7 21. Qb4 Nb2 22. Bxb2 axb2 23. Qxb2 Rfa8 24. Nf4 Bf5 25. Nd5 Qd8 26. Qb4 Bf8 27. Nb6 e6 28. Qb5 Ra5 29. Qb2 Rxa2 30. Qb5 R8a5 31. Qb3 R5a3 0-1